Gezi Parkı olayları : (Record no. 12711)
[ view plain ]
| 000 -BAŞLIK | |
|---|---|
| Sabit Uzunlukta Kontrol Alanı | 01120nam a22002777a 4500 |
| 999 ## - SİSTEM KONTROL NUMARALARI (KOHA) | |
| Koha Biblionumber | 12711 |
| Koha Biblioitemnumber | 12711 |
| 003 - KONTROL NUMARASI IDENTIFIER | |
| Denetim Alanı | MIRAKIL |
| 005 - SON İŞLEM TARİHİ VE ZAMANI | |
| Denetim Alanı | 20190207162415.0 |
| 008 - SABİT-BOY VERİ ELEMANLARI - GENEL BİLGİLER | |
| Sabit Uzunlukta Kontrol Alanı | 190207b tu ||||| |||| 00| 0 tur d |
| 020 ## - ULUSLARARASI STANDART KİTAP NUMARASI | |
| Uluslararası Standart Kitap Numarası | 9786053993209 |
| 040 ## - KATALOGLAMA KAYNAK | |
| Orijinal Kataloglama Ajansı | TR-AnCHP |
| Metne Dönüştürmek Ajansı | TR-AnCHP |
| 041 ## - DİL KODU | |
| Metin / Ses Parça Veya Ayrı Başlığın Dil Kodu | tur |
| 082 ## - DEWEY ONLU SINIFLANDIRMA NUMARASI | |
| Sınıflandırma Numarası | 361.23 |
| Ürün Numarası | G39 2013 |
| 245 10 - BAŞLIK TABLOSU | |
| Başlık | Gezi Parkı olayları : |
| Başlığın Kalan | insan hakları hukuku ve siyasi söylem ışığında bir inceleme / |
| Sorumluluk Tablosu, Vb | Gökçeçiçek Ayata, Pınar Çağlı, İdil Elveriş ...[ve başkaları]. |
| 246 ## - UNVAN FORM VARYING | |
| Başlık Doğru / Kısa Başlığı | insan hakları hukuku ve siyasi söylem ışığında bir inceleme |
| 260 ## - YAYIN, DAĞITIM, VB | |
| Yayın, Dağıtım, Vb Yeri | İstanbul: |
| Yayıncı, Dağıtıcı, Vs Adı | Bilgi Üniversitesi Yayınları, |
| Yayın, Dağıtım, Vb Tarihi | 2013. |
| 300 ## - FİZİKSEL TANIM | |
| Kapsam | 211 s. ; |
| Boyutlar | 23 sm. |
| 490 0# - SERİSİ TABLOSU | |
| Seri Beyanı | İstanbul Bilgi Üniversitesi Yayınları; |
| -- | İnsan hakları hukuku çalışmaları; |
| Hacim / Ardışık Tanımı | 444. |
| -- | 17. |
| 504 ## - KAYNAKÇA VB NOT | |
| Kaynakça Vb Notu | Dizin vardır. |
| 650 #0 - KONU KATMA GİRİŞ - TOPİKAL DÖNEM | |
| 9 (RLIN) | 855 |
| Topikal Süreli Veya Coğrafi Ad Giriş Elemanı | Toplumsal hareketler |
| Genel Alt Bölümü | Türkiye |
| 650 #0 - KONU KATMA GİRİŞ - TOPİKAL DÖNEM | |
| 9 (RLIN) | 442 |
| Topikal Süreli Veya Coğrafi Ad Giriş Elemanı | Gezi Parkı olayları |
| Genel Alt Bölümü | Türkiye |
| 700 1# - KATMA GİRİŞ - KİŞİSEL İSİM | |
| 9 (RLIN) | 4542 |
| Kişisel Ad | Ayata, Gökçiçek |
| 700 ## - KATMA GİRİŞ - KİŞİSEL İSİM | |
| 9 (RLIN) | 5148 |
| Kişisel Ad | Çağlı, Pınar |
| 700 ## - KATMA GİRİŞ - KİŞİSEL İSİM | |
| 9 (RLIN) | 5149 |
| Kişisel Ad | Elveriş, İdil |
| 740 ## - KATMA GİRİŞ - KONTROLSUZ İLGİLİ / ANALİTİK BAŞLIK | |
| Kontrol Edilmeyen / İlgili Analitik Başlıktaki | insan hakları hukuku ve siyasi söylem ışığında bir inceleme |
| 942 ## - EKLENDİ GİRİŞ ELEMANLARI (KOHA) | |
| Sınıflandırma Veya Raf Düzeni Kaynak | Dewey Decimal Classification |
| Koha Öğesi Türü | Books |
| Kalıcı Konum | Mevcut Konum | Edinme Tarihi | Edinim Kaynak | Toplam Check-Out'Lar | Tam Çağrı Numarası | Barkod | Tarih Son Görülme | İtibaren Geçerli Fiyatlar | Sigara Kamu Notu | Koha Öğesi Türü |
|---|---|---|---|---|---|---|---|---|---|---|
| CHP Kütüphanesi | CHP Kütüphanesi | 02/07/2019 | Bağış | 361.23 G39 2013 | 018820 | 02/07/2019 | 02/07/2019 | Kemal Kılıçdaroğlu bağışıdır. | Books |
